| 000 | 00468nam a2200181Ia 4500 | ||
|---|---|---|---|
| 003 | LK-CoDNM | ||
| 008 | 010623t1965 xxu||||| |||| 00| 1 sin d | ||
| 040 |
_aLK-CoDNM _dLK-CoDNM _eLK-CoDNM |
||
| 041 | _asin | ||
| 080 |
_a8 C-2 _bRAJ |
||
| 100 | _aRajapaksha, J.P. | ||
| 245 | _aසඹුලා දේවි ජාතක කථාව | ||
| 246 | _aSambula devi Jathaka kathawa | ||
| 260 |
_bAuthor _c1965 |
||
| 300 | _b39, 18 cm | ||
| 650 | _aDrama | ||
| 942 | _cBK | ||
| 999 |
_c106989 _d106989 |
||